[Event "55smm A Tramin/Kaltern-Steinegg"]
[Site "?"]
[Date "2024.01.13"]
[Round "5.1"]
[White "Engl, Stefan"]
[Black "Panjkovic, Aleksandar"]
[Result "1-0"]
[WhiteElo "1992"]
[BlackElo "2072"]
[PlyCount "31"]
[EventDate "2024.01.13"]

1. e4 d6 2. d4 g6 3. Nc3 c6 4. f4 d5 5. Nf3 Bg4 6. Be2 e6 7. O-O Nd7 8. h3 Bxf3
9. Bxf3 Ngf6 10. f5 dxe4 11. fxe6 exf3 12. exd7+ Qxd7 13. Qxf3 Bg7 14. Bg5 Nd5
15. Rae1+ Kf8 16. Be7+ 1-0

[Event "55smm A Tramin/Kaltern-Steinegg"]
[Site "?"]
[Date "2024.01.13"]
[Round "5.2"]
[White "Zucchelli, Massimo"]
[Black "Boernsen, Frederik"]
[Result "1-0"]
[WhiteElo "2113"]
[BlackElo "1975"]
[PlyCount "87"]
[EventDate "2024.01.13"]

1. d4 d5 2. c4 e6 3. Nc3 f5 4. Bf4 Nf6 5. e3 Be7 6. Bd3 O-O 7. Nf3 b6 8. cxd5
Nxd5 9. Nxd5 exd5 10. O-O Ba6 11. Rc1 Bd6 12. Bxd6 Qxd6 13. Ne5 c5 14. f4 c4
15. Be2 b5 16. a4 b4 17. g4 Bc8 18. g5 a5 19. Bf3 Ra7 20. Rf2 b3 21. Ra1 Na6
22. Qf1 Nb4 23. Bd1 Bd7 24. Rf3 Rc7 25. Rh3 Be8 26. Qe1 Ra7 27. Qh4 g6 28. Qf2
Na2 29. Rh6 Bxa4 30. h4 Be8 31. h5 Qe7 32. Bf3 Rd7 33. hxg6 Bxg6 34. Nxg6 hxg6
35. Kg2 Rf7 36. Rah1 Rg7 37. Rh8+ Kf7 38. Ra8 Ke6 39. Rhh8 Qb4 40. Rhb8 Qd6 41.
Re8+ Kf7 42. Qh4 Nc3 43. Qh8 Ne4 44. Rxe4 1-0

[Event "55smm A Tramin/Kaltern-Steinegg"]
[Site "?"]
[Date "2024.01.13"]
[Round "5.3"]
[White "Pichler, Martin"]
[Black "Maier, Fridolin"]
[Result "0-1"]
[WhiteElo "1888"]
[BlackElo "1778"]
[PlyCount "72"]
[EventDate "2024.01.13"]

1. e4 e5 2. Nf3 Nc6 3. Bc4 Bc5 4. b4 Bxb4 5. c3 Be7 6. Qb3 Na5 7. Bxf7+ Kf8 8.
Qa4 c6 9. Bxg8 Rxg8 10. Nxe5 d5 11. exd5 Qxd5 12. Qf4+ Bf6 13. Nf3 Kf7 14. O-O
g5 15. Qc7+ Bd7 16. d4 Rae8 17. Nbd2 g4 18. Ne5+ Rxe5 19. Nb3 Rc8 20. Qxa5 Qxa5
21. Nxa5 Rxa5 22. f3 gxf3 23. Rxf3 Rf5 24. Rxf5 Bxf5 25. Bd2 c5 26. Rf1 Bd3 27.
Rf3 Bc4 28. Bg5 Rc6 29. dxc5 Kg6 30. Be3 Bxa2 31. Bd4 a5 32. Rg3+ Kf7 33. Rf3
a4 34. g4 Kg6 35. Rf2 Bc4 36. Rb2 a3 0-1

[Event "55smm A Tramin/Kaltern-Steinegg"]
[Site "?"]
[Date "2024.01.13"]
[Round "5.4"]
[White "Bertagnolli, Gerhard"]
[Black "Engl, Alexander"]
[Result "1/2-1/2"]
[WhiteElo "1855"]
[BlackElo "1845"]
[PlyCount "40"]
[EventDate "2024.01.13"]

1. d4 e6 2. c4 f5 3. Nc3 Nf6 4. g3 d5 5. Bg2 c6 6. Nf3 Bd6 7. b3 O-O 8. O-O Ne4
9. Qc2 a5 10. a3 Qe7 11. Bb2 Bd7 12. e3 Be8 13. Ne5 Nd7 14. f3 Nxc3 15. Nxd7
Qxd7 16. Qxc3 Bg6 17. Rae1 Bc7 18. c5 Rae8 19. f4 Ra8 20. Bf3 Qe7 1/2-1/2

[Event "55smm A Tramin/Kaltern-Steinegg"]
[Site "?"]
[Date "2024.01.13"]
[Round "5.5"]
[White "Lantschner, Carmen"]
[Black "Thaler, Elmar"]
[Result "0-1"]
[WhiteElo "1642"]
[BlackElo "1782"]
[PlyCount "80"]
[EventDate "2024.01.13"]

1. e4 c6 2. d4 d5 3. exd5 cxd5 4. Nf3 Bg4 5. Bf4 e6 6. h3 Bh5 7. Be2 Nf6 8. Nc3
a6 9. O-O Be7 10. Rc1 O-O 11. Na4 Nbd7 12. c4 dxc4 13. Nc3 b5 14. d5 Nxd5 15.
Nxd5 exd5 16. Qxd5 Nf6 17. Qe5 Re8 18. Rcd1 Qc8 19. Be3 Bf8 20. Qg5 h6 21. Qg3
Kh8 22. Nd4 Bxe2 23. Nxe2 Qb7 24. Nd4 Rad8 25. Qh4 Re4 26. g4 Bc5 27. Nf5 Rxd1
28. Rxd1 Bxe3 29. fxe3 Re8 30. Nxh6 Qf3 31. Nf5+ Kg8 32. Rf1 Qe2 33. Rf2 Qd1+
34. Kh2 Ne4 35. Rg2 Nd2 36. Kg3 Qe1+ 37. Kf4 Re4+ 38. Kg5 Nf3+ 39. Kh5 Nxh4 40.
Nxh4 g6+ 0-1

[Event "55smm A Tramin/Kaltern-Steinegg"]
[Site "?"]
[Date "2024.01.13"]
[Round "5.6"]
[White "Florian, Andreas"]
[Black "Schroffenegger, Simon"]
[Result "0-1"]
[WhiteElo "1573"]
[BlackElo "1581"]
[PlyCount "114"]
[EventDate "2024.01.13"]

1. d4 d5 2. Bf4 e6 3. e3 Nf6 4. Nf3 c5 5. c3 Nc6 6. Bd3 Bd6 7. Bg3 a6 8. a4
Bxg3 9. hxg3 c4 10. Bc2 h6 11. Nbd2 Na5 12. Ne5 Nd7 13. Ndf3 Nxe5 14. Nxe5 Nc6
15. Qg4 Qf6 16. f4 Bd7 17. Qh5 Nxe5 18. fxe5 Qe7 19. O-O Rf8 20. Qg4 Rg8 21.
Bh7 h5 22. Qxh5 g6 23. Qh6 Qf8 24. Qxf8+ Rxf8 25. Kf2 Ke7 26. Ke2 Rh8 27. Rh1
a5 28. Raf1 Bxa4 29. Rh6 Bc2 30. Kd2 Be4 31. Rf2 a4 32. Bxg6 Bxg6 33. Rh4 a3
34. bxa3 Rxh4 35. gxh4 Rxa3 36. Kc1 Ra1+ 37. Kb2 Rb1+ 38. Ka2 Re1 39. Rb2 Rxe3
40. Rxb7+ Kf8 41. g4 Rg3 42. h5 Bh7 43. h6 Bg6 44. Rb8+ Ke7 45. Rb7+ Kd8 46. h7
Bxh7 47. Rxf7 Be4 48. Ka3 Rxc3+ 49. Kb4 Ke8 50. Ra7 Rg3 51. Kc5 Rxg4 52. Kd6
Bf5 53. Ra8+ Kf7 54. Ra7+ Kg6 55. Kc5 c3 56. Kd6 c2 57. Ke7 Rxd4 0-1

[Event "55smm B Klausen2-Naturns"]
[Site "?"]
[Date "2024.01.13"]
[Round "5.2"]
[White "Pfeifhofer, Helmuth"]
[Black "Gurschler, Gregor"]
[Result "1/2-1/2"]
[WhiteElo "1637"]
[BlackElo "1768"]
[PlyCount "76"]
[EventDate "2024.01.13"]

1. e4 d6 2. d4 Nf6 3. Bd3 g6 4. Ne2 Bg7 5. O-O O-O 6. f3 c5 7. c3 cxd4 8. cxd4
Qb6 9. Nbc3 Nc6 10. Be3 Nh5 11. g4 Nf6 12. Qd2 Qa5 13. a3 a6 14. b4 Qd8 15.
Rac1 Bd7 16. h4 h5 17. g5 Ne8 18. Bc4 b5 19. Bb3 Nc7 20. Nf4 Kh7 21. Ncd5 Nxd5
22. Bxd5 Rc8 23. Bxc6 Bxc6 24. d5 Bd7 25. Rxc8 Qxc8 26. Rc1 Qb7 27. Qd3 Rc8 28.
Rc2 Rc7 29. Ne2 Qc8 30. Rxc7 Qxc7 31. Kf2 e6 32. Bd4 Bxd4+ 33. Qxd4 e5 34. Qc3
Qb6+ 35. Qe3 Qc7 36. Qc3 Qa7+ 37. Qe3 Qc7 38. Qc3 Qa7+ 1/2-1/2

[Event "55smm B Klausen2-Naturns"]
[Site "?"]
[Date "2024.01.13"]
[Round "5.3"]
[White "Naegele, Raimund"]
[Black "Blasbichler, Robert"]
[Result "1/2-1/2"]
[WhiteElo "1645"]
[BlackElo "1629"]
[PlyCount "54"]
[EventDate "2024.01.13"]

1. d4 d5 2. c4 e6 3. Nf3 Nf6 4. g3 Be7 5. Bg2 O-O 6. O-O c6 7. Qc2 b6 8. Nbd2
Bb7 9. e4 dxe4 10. Nxe4 Nbd7 11. Rd1 Nxe4 12. Qxe4 Nf6 13. Qc2 h6 14. b3 Rc8
15. Bb2 Qc7 16. Rac1 Ba8 17. Ne5 Nd7 18. Nf3 Nf6 19. Qe2 Rfe8 20. Nd2 c5 21.
Nf3 Rcd8 22. d5 exd5 23. cxd5 Rxd5 24. Qc4 Red8 25. Re1 R5d7 26. Ne5 Bd5 27.
Bxd5 Rxd5 1/2-1/2

[Event "55smm B Merania-Lana"]
[Site "?"]
[Date "2024.01.13"]
[Round "5.4"]
[White "Mair, Christian Anton"]
[Black "Franceschini, Christoph"]
[Result "1/2-1/2"]
[WhiteElo "1282"]
[BlackElo "1589"]
[PlyCount "67"]
[EventDate "2024.01.13"]

1. b4 Nf6 2. Bb2 g6 3. Nf3 Bg7 4. e3 d5 5. c4 c6 6. Be2 Bg4 7. Qb3 O-O 8. O-O
Nbd7 9. Re1 Rc8 10. c5 b6 11. d4 bxc5 12. dxc5 Rb8 13. Bd4 Bxf3 14. Bxf3 e5 15.
Bb2 Nxc5 16. Qa3 Ncd7 17. Qxa7 Rxb4 18. Ba3 Rb8 19. Bxf8 Qxf8 20. Nc3 e4 21.
Be2 Qb4 22. Rab1 Qd6 23. Rxb8+ Nxb8 24. Rb1 Nfd7 25. Nd1 h5 26. a4 c5 27. Bb5
c4 28. Bxd7 Nxd7 29. Qa5 d4 30. exd4 Qxd4 31. Qd8+ Kh7 32. Qg5 Qd3 33. Qc1 Bh6
34. Qb2 1/2-1/2

[Event "55smm B Ridnaun-Groeden2"]
[Site "?"]
[Date "2024.01.13"]
[Round "5.1"]
[White "Alam, Syed Mahbubul"]
[Black "Haller, Quentin"]
[Result "0-1"]
[WhiteElo "1935"]
[BlackElo "2039"]
[PlyCount "54"]
[EventDate "2024.01.13"]

1. e4 c5 2. Bc4 e6 3. Nc3 a6 4. a4 Nf6 5. d3 d5 6. exd5 exd5 7. Bb3 Be6 8. Nf3
h6 9. h3 Bd6 10. Ne2 Qc7 11. c3 Nc6 12. Be3 Ne7 13. Bc2 Nf5 14. Qd2 Nxe3 15.
fxe3 O-O 16. O-O Nh5 17. Nh4 Qd7 18. g4 Bxg4 19. hxg4 Qxg4+ 20. Ng2 g5 21. d4
Qh3 22. dxc5 Bh2+ 23. Kf2 Ng3 24. Qxd5 Rad8 25. Qf3 Rd2 26. Bd1 g4 27. Qxb7
Ne4+ 0-1

[Event "55smm B Ridnaun-Groeden2"]
[Site "?"]
[Date "2024.01.13"]
[Round "5.4"]
[White "Sparber, Werner"]
[Black "Knottner, Klaus"]
[Result "1/2-1/2"]
[WhiteElo "1645"]
[BlackElo "1631"]
[PlyCount "101"]
[EventDate "2024.01.13"]

1. d4 Nf6 2. c4 e6 3. Nc3 d5 4. Nf3 Nbd7 5. Bg5 Be7 6. e3 O-O 7. Rc1 c6 8. Bd3
Re8 9. O-O c5 10. Re1 b6 11. cxd5 exd5 12. h3 Bb7 13. a3 c4 14. Bb1 a6 15. Nd2
b5 16. Qc2 g6 17. e4 dxe4 18. Ndxe4 Nxe4 19. Bxe7 Qxe7 20. Nxe4 Bxe4 21. Rxe4
Qd6 22. Rce1 Nf6 23. Rxe8+ Rxe8 24. Rxe8+ Nxe8 25. Qd2 Nf6 26. f3 Qg3 27. d5
Qd6 28. Be4 Ne8 29. f4 f5 30. Bf3 Nf6 31. Qd4 Kf7 32. g3 Ke7 33. Kf2 Kf7 34.
Qe5 Ne8 35. Qxd6 Nxd6 36. Ke3 Ke7 37. Kd4 Nb7 38. g4 Kd6 39. gxf5 gxf5 40. Bd1
Nc5 41. Bc2 Nd3 42. Bxd3 cxd3 43. Kxd3 Kxd5 44. b3 a5 45. h4 h5 46. Ke3 Kc5 47.
Kd3 b4 48. a4 Kd5 49. Ke3 Kc5 50. Kd3 Kd5 51. Ke3 1/2-1/2

[Event "55smm B Taufers-Arci3"]
[Site "?"]
[Date "13.01.13"]
[Round "5.2"]
[White "Balzarini, Franco"]
[Black "Feichter, Matthias"]
[Result "1-0"]
[WhiteElo "1830"]
[BlackElo "1564"]
[PlyCount "77"]
[EventDate "2024.01.13"]

1. d4 Nf6 2. Nf3 g6 3. e3 Bg7 4. Bd3 O-O 5. O-O d6 6. c4 Nbd7 7. Nc3 Re8 8. Qc2
e5 9. d5 c6 10. e4 cxd5 11. cxd5 a6 12. Be3 Ng4 13. Bd2 Nc5 14. Rac1 Nxd3 15.
Qxd3 f5 16. Bg5 Bf6 17. Bxf6 Nxf6 18. Nd2 b5 19. b4 f4 20. Nb3 Qe7 21. Na5 Bd7
22. Ne2 Rac8 23. f3 g5 24. Rxc8 Rxc8 25. Rc1 Rxc1+ 26. Nxc1 g4 27. Ncb3 h5 28.
Nc6 Qg7 29. Nd2 gxf3 30. Nxf3 Ng4 31. Nh4 Ne3 32. Qe2 Qg5 33. Qf2 Qg4 34. Nf3
Qg7 35. Kh1 Kf7 36. Ne1 Qg4 37. h3 Qg5 38. Nf3 Qg6 39. Ncxe5+ 1-0

[Event "55smm B Taufers-Arci3"]
[Site "?"]
[Date "2024.01.13"]
[Round "5.5"]
[White "Gaudenzi, Federico"]
[Black "Kugler, Walter"]
[Result "0-1"]
[WhiteElo "1440"]
[BlackElo "1602"]
[PlyCount "86"]
[EventDate "2024.01.13"]

1. d4 c5 2. c3 e6 3. Bf4 d5 4. e3 Bd6 5. Bg3 c4 6. f4 f5 7. Nf3 Nf6 8. Nbd2 Bd7
9. a4 Ng4 10. Qe2 O-O 11. b3 cxb3 12. Nxb3 Qc7 13. c4 Bb4+ 14. Nbd2 Rc8 15. Ne5
Nxe5 16. fxe5 dxc4 17. Kf2 c3 18. Nb3 c2 19. Nc1 Qc3 20. Ra2 Ba3 21. Rxa3 Qxa3
22. Qd2 Bxa4 23. Bd3 Qc3 24. Ke2 Qxd2+ 25. Kxd2 b5 26. Na2 a5 27. Nc3 Na6 28.
Nxa4 bxa4 29. Bxc2 Rab8 30. Rb1 a3 31. Bb3 Rb6 32. Be1 a4 33. Ba2 Rb2+ 34. Rxb2
axb2 35. Bxe6+ Kf8 36. Bxf5 Rc1 37. Ke2 b1=Q 38. Bxb1 Rxb1 39. Bc3 a3 40. Kd3
a2 41. Ke4 Ke7 42. Kd5 a1=Q 43. Bxa1 Rxa1 0-1

[Event "55smm B Tramin/Kaltern2-Arci2"]
[Site "?"]
[Date "2024.01.13"]
[Round "5.1"]
[White "Niederstaetter, Harald"]
[Black "Unterkofler, Alex"]
[Result "0-1"]
[WhiteElo "1836"]
[BlackElo "1756"]
[PlyCount "58"]
[EventDate "2024.01.13"]

1. d4 Nf6 2. Nc3 d5 3. Bf4 Bf5 4. e3 e6 5. f3 Bb4 6. Nge2 c5 7. a3 cxd4 8. axb4
dxc3 9. Nxc3 Nc6 10. Bb5 O-O 11. Bxc6 bxc6 12. O-O Qb6 13. Ra4 e5 14. Bg3 Qxe3+
15. Bf2 Qg5 16. Re1 Qg6 17. Qa1 Bxc2 18. Rxa7 Rxa7 19. Qxa7 e4 20. fxe4 Nxe4
21. Re3 Nxf2 22. Kxf2 Qf6+ 23. Rf3 Qh4+ 24. Kg1 d4 25. Na2 Qe1+ 26. Rf1 Qe3+
27. Kh1 Qe2 28. Ra1 Be4 29. Rg1 Qxb2 0-1

[Event "55smm B Tramin/Kaltern2-Arci2"]
[Site "?"]
[Date "2024.01.13"]
[Round "5.4"]
[White "Spitaler, David"]
[Black "D'Ambrosio, Luca"]
[Result "0-1"]
[WhiteElo "1566"]
[BlackElo "1748"]
[PlyCount "58"]
[EventDate "2024.01.13"]

1. d4 d5 2. e3 c6 3. Be2 Nf6 4. Nc3 Bf5 5. Nf3 h6 6. Nh4 Bh7 7. O-O e6 8. Nf3
Bd6 9. g3 Nbd7 10. Re1 O-O 11. Bd3 Ne4 12. Ne2 Ndf6 13. Nf4 Rc8 14. Nd2 c5 15.
c3 cxd4 16. Nxe4 dxe4 17. Bf1 dxc3 18. Re2 g5 19. Ng2 Nd5 20. Rc2 Be5 21. a3
Qb6 22. b3 Qxb3 23. Raa2 b5 24. Qe2 b4 25. Qd1 Qb1 26. axb4 Nxb4 27. Qe2 Nxa2
28. Ba3 Rfd8 29. Rxa2 c2 0-1

[Event "55smm A Arci-Tramin/Kaltern"]
[Site "?"]
[Date "2024.01.27"]
[Round "6.1"]
[White "Panjkovic, Aleksandar"]
[Black "Olivetti, Davide"]
[Result "1-0"]
[WhiteElo "2072"]
[BlackElo "2128"]
[PlyCount "69"]
[EventDate "2024.01.24"]

1. d4 Nf6 2. Nf3 c5 3. dxc5 e6 4. a3 a5 5. e3 Bxc5 6. b3 O-O 7. Bd3 Nc6 8. Bb2
d6 9. O-O Qe7 10. c4 e5 11. Nbd2 Bg4 12. Qb1 Ba7 13. Ng5 h6 14. Nh7 Nxh7 15.
Bxh7+ Kh8 16. Bf5 Bxf5 17. Qxf5 Qc7 18. Ne4 Ne7 19. Qh5 a4 20. c5 dxc5 21. Bxe5
Qc6 22. Nd6 Kg8 23. Qg4 Ng6 24. Nf5 Kh7 25. Bxg7 Rg8 26. Qh3 Nh4 27. Qxh4 axb3
28. Ne7 Qe6 29. Nxg8 Kxg7 30. Ne7 Re8 31. Qa4 Ra8 32. Rab1 Qxe7 33. Rxb3 b6 34.
Rd3 Qe5 35. g3 1-0

[Event "55smm A Arci-Tramin/Kaltern"]
[Site "?"]
[Date "2024.01.27"]
[Round "6.2"]
[White "Perino, Alberto"]
[Black "Zucchelli, Massimo"]
[Result "1-0"]
[WhiteElo "1927"]
[BlackElo "2113"]
[PlyCount "105"]
[EventDate "2024.01.24"]

1. e4 e6 2. d4 d5 3. exd5 exd5 4. Nf3 Bd6 5. c4 dxc4 6. Bxc4 Nf6 7. O-O O-O 8.
Nc3 Nc6 9. Bg5 h6 10. Bh4 Bg4 11. h3 Bxf3 12. Qxf3 Nxd4 13. Qxb7 Rb8 14. Qxa7
Rb4 15. b3 Nc6 16. Qe3 Ne5 17. Bxf6 Nxc4 18. Bxd8 Nxe3 19. Bxc7 Bxc7 20. fxe3
Be5 21. Nd5 Rb7 22. Rab1 Ra8 23. a4 g6 24. Rfd1 Kg7 25. Kf2 f5 26. Ke2 Ra5 27.
Nf4 Kf6 28. Nd3 Bb8 29. Rdc1 Ba7 30. Rc6+ Kf7 31. Kd2 Re7 32. Re1 Rd5 33. b4 f4
34. Kc3 Bxe3 35. Rb1 Red7 36. Rd1 h5 37. Ne5+ Ke8 38. Re6+ Kd8 39. Rxd5 Rxd5
40. Nxg6 Kd7 41. Re7+ Kd6 42. Rf7 Rd1 43. Rf6+ Kd7 44. Nxf4 Bd4+ 45. Kc2 Rf1
46. Rf8 Be3 47. Ng6 Rg1 48. Kd3 Bg5 49. Rf2 Ra1 50. a5 Bd8 51. Kc4 Re1 52. a6
Re6 53. Nf8+ 1-0

[Event "55smm A Arci-Tramin/Kaltern"]
[Site "?"]
[Date "2024.01.27"]
[Round "6.3"]
[White "Maier, Fridolin"]
[Black "Zammarchi, Massimo"]
[Result "1-0"]
[WhiteElo "1778"]
[BlackElo "1934"]
[PlyCount "81"]
[EventDate "2024.01.24"]

1. e4 e5 2. Nf3 Nc6 3. Bc4 Bc5 4. c3 d6 5. d4 exd4 6. cxd4 Bb6 7. O-O Nf6 8.
Re1 O-O 9. h3 Nxe4 10. Rxe4 d5 11. Bxd5 Qxd5 12. Nc3 Qd8 13. d5 Ne7 14. Bg5 f6
15. Qb3 Kh8 16. Bf4 Bf5 17. Re2 Ng6 18. Bg3 Qd7 19. Rd1 Rae8 20. Red2 Ne5 21.
Nd4 Bxh3 22. gxh3 Bxd4 23. Rxd4 Nf3+ 24. Kg2 Nxd4 25. Rxd4 c6 26. d6 Re6 27.
Ne4 b6 28. Qd3 Rfe8 29. b4 c5 30. bxc5 bxc5 31. Nxc5 Qc6+ 32. Rd5 Re1 33. d7
Rd8 34. Qd2 Re2 35. Qd3 Rxa2 36. Ne4 h6 37. Rd6 Qb7 38. Qd5 Rb2 39. Nc5 Qb5 40.
Ne6 Qf1+ 41. Kxf1 1-0

[Event "55smm A Arci-Tramin/Kaltern"]
[Site "?"]
[Date "2024.01.27"]
[Round "6.4"]
[White "De Vita, Gianni"]
[Black "Bertagnolli, Gerhard"]
[Result "0-1"]
[WhiteElo "1936"]
[BlackElo "1855"]
[PlyCount "62"]
[EventDate "2024.01.24"]

1. e4 c5 2. Nf3 e6 3. c3 d5 4. exd5 Qxd5 5. d4 Nf6 6. Bd3 Nc6 7. O-O Be7 8. Na3
O-O 9. Nc2 a6 10. a4 b6 11. Re1 Bb7 12. Ne3 Qd8 13. dxc5 Bxc5 14. b4 Be7 15.
Qe2 Qc7 16. Bb2 Rfd8 17. b5 axb5 18. axb5 Na5 19. Nd4 Rac8 20. Rad1 Nd5 21.
Nxd5 Bxd5 22. Qg4 Bf6 23. c4 Nxc4 24. Rc1 Qd7 25. Ba1 Ne5 26. Qe2 Rxc1 27. Rxc1
Nxd3 28. Qxd3 Bb7 29. Rc4 e5 30. Qg3 exd4 31. Rc7 Qxb5 0-1

[Event "55smm A Arci-Tramin/Kaltern"]
[Site "?"]
[Date "2024.01.27"]
[Round "6.5"]
[White "Thaler, Elmar"]
[Black "De Nisi, Roberta"]
[Result "1-0"]
[WhiteElo "1782"]
[BlackElo "1800"]
[PlyCount "95"]
[EventDate "2024.01.24"]

1. d4 f5 2. c4 Nf6 3. Nc3 g6 4. Nf3 Bg7 5. g3 O-O 6. Bg2 c6 7. O-O d6 8. e3 h6
9. Qe2 g5 10. b3 Qe8 11. Bb2 Qg6 12. Ne1 Ne4 13. f4 Nxc3 14. Bxc3 Nd7 15. Nd3
Nf6 16. Bb2 Ne4 17. Nf2 Nxf2 18. Rxf2 e5 19. Rd1 Re8 20. fxe5 dxe5 21. d5 f4
22. dxc6 bxc6 23. exf4 exf4 24. Qf3 Bxb2 25. Rxb2 fxg3 26. hxg3 Rf8 27. Qxc6
Qxc6 28. Bxc6 Rb8 29. Rd6 Kg7 30. Rh2 Bf5 31. Rhxh6 Bb1 32. Rhe6 Rf7 33. Re5
Rbf8 34. Rxg5+ Kh8 35. Rh5+ Kg7 36. Rg5+ Kh8 37. Rd1 Bxa2 38. Bd5 Rf2 39. c5
Kh7 40. Be4+ Kh6 41. Rg6+ Kh5 42. Rd5+ R2f5 43. Rxf5+ Rxf5 44. Bxf5 Bxb3 45. c6
Bd5 46. c7 Bb7 47. Rg8 a5 48. c8=Q 1-0

[Event "55smm A Arci-Tramin/Kaltern"]
[Site "?"]
[Date "2024.01.27"]
[Round "6.6"]
[White "Benvenuto, Alexander"]
[Black "Florian, Andreas"]
[Result "0-1"]
[WhiteElo "1594"]
[BlackElo "1573"]
[PlyCount "76"]
[EventDate "2024.01.24"]

1. d4 e6 2. c4 Nf6 3. Nc3 d5 4. Nf3 Nbd7 5. Bf4 c5 6. Nb5 Qa5+ 7. Qd2 Qxd2+ 8.
Nxd2 Nh5 9. Nc7+ Kd8 10. Nxa8 Nxf4 11. e3 Ng6 12. cxd5 exd5 13. Bb5 Bd6 14.
dxc5 Nxc5 15. Nb3 b6 16. Nd4 Bb7 17. b4 Bxa8 18. bxc5 Bxc5 19. O-O Bb7 20. Rfd1
Ne5 21. Nb3 Ke7 22. a4 Bb4 23. a5 a6 24. Bf1 b5 25. Rac1 Nc4 26. g3 Rd8 27. Bg2
Nxa5 28. Nxa5 Bxa5 29. Bf1 Bb6 30. Rb1 Bc6 31. Rbc1 Bb7 32. Bd3 b4 33. Rb1 Bc5
34. Ra1 Ra8 35. Ra4 a5 36. Bb5 Bb6 37. Rda1 Kd6 38. R4a2 Bc6 0-1

[Event "55smm A Brixen/Milland-Ehrenburg"]
[Site "?"]
[Date "2024.01.27"]
[Round "6.1"]
[White "Hengl, Christian"]
[Black "Brenninger, Daniel"]
[Result "1/2-1/2"]
[WhiteElo "2125"]
[BlackElo "2100"]
[PlyCount "26"]
[EventDate "2024.01.24"]

1. e4 e5 2. Nf3 Nc6 3. Bc4 Be7 4. d3 Nf6 5. Nc3 d6 6. a3 Bg4 7. Be3 Nd4 8. Bxd4
exd4 9. Nd5 Nxd5 10. Bxd5 c6 11. Ba2 Bf6 12. O-O Qb6 13. Rb1 Qc5 1/2-1/2

[Event "55smm A Brixen/Milland-Ehrenburg"]
[Site "?"]
[Date "2024.01.27"]
[Round "6.2"]
[White "Sader, Michael"]
[Black "Kapferer, Romed"]
[Result "1/2-1/2"]
[WhiteElo "2093"]
[BlackElo "2080"]
[PlyCount "41"]
[EventDate "2024.01.24"]

1. c4 f5 2. Nc3 e5 3. g3 Nf6 4. Bg2 Nc6 5. e3 e4 6. d3 Bb4 7. Nge2 Ne5 8. dxe4
fxe4 9. O-O Nf3+ 10. Kh1 O-O 11. Nxe4 Nxe4 12. Qd5+ Kh8 13. Qxe4 Ng5 14. Qh4
Be7 15. Nf4 Qe8 16. Qh5 Qxh5 17. Nxh5 g6 18. Nf4 c6 19. h4 Nf7 20. b3 Bf6 21.
Rb1 1/2-1/2

[Event "55smm A Brixen/Milland-Ehrenburg"]
[Site "?"]
[Date "2024.01.27"]
[Round "6.3"]
[White "Babinetz, Rainer"]
[Black "Paulmichl, Martin"]
[Result "1/2-1/2"]
[WhiteElo "1915"]
[BlackElo "1880"]
[PlyCount "44"]
[EventDate "2024.01.24"]

1. Nf3 f5 2. c4 Nf6 3. g3 e6 4. Bg2 Be7 5. O-O O-O 6. b3 d6 7. d4 a5 8. a3 Ne4
9. Nfd2 Nxd2 10. Nxd2 Bf6 11. Bb2 Nc6 12. e3 e5 13. Nf3 Qe8 14. Re1 Kh8 15. Qc2
Qh5 16. Rad1 f4 17. dxe5 dxe5 18. exf4 Bg4 19. Nxe5 Bxd1 20. Qxd1 Qxd1 21. Rxd1
Bxe5 22. fxe5 Rad8 1/2-1/2

[Event "55smm A Brixen/Milland-Ehrenburg"]
[Site "?"]
[Date "2024.01.27"]
[Round "6.4"]
[White "Wisthaler, Lukas"]
[Black "Steger, Gerhard"]
[Result "1/2-1/2"]
[WhiteElo "1860"]
[BlackElo "1898"]
[PlyCount "39"]
[EventDate "2024.01.24"]

1. e4 g6 2. d4 Bg7 3. c4 d6 4. Nf3 Bg4 5. Be2 Nc6 6. Be3 e5 7. d5 Nce7 8. Nc3
Bxf3 9. Bxf3 f5 10. g3 Bh6 11. Qd2 Bxe3 12. Qxe3 fxe4 13. Bxe4 Nf6 14. O-O O-O
15. f4 Qd7 16. Qe2 Nxe4 17. Qxe4 exf4 18. Rxf4 Rxf4 19. Qxf4 Rf8 20. Qe4
1/2-1/2

[Event "55smm A Brixen/Milland-Ehrenburg"]
[Site "?"]
[Date "2024.01.27"]
[Round "6.5"]
[White "Gruber, Alexander"]
[Black "Kofler, Oswald"]
[Result "1/2-1/2"]
[WhiteElo "1856"]
[BlackElo "1803"]
[PlyCount "55"]
[EventDate "2024.01.24"]

1. e4 e5 2. Nf3 Nc6 3. Bc4 Bc5 4. d3 h6 5. c3 d6 6. b4 Bb6 7. a4 a6 8. Be3 Nf6
9. O-O O-O 10. Nbd2 Ne7 11. Bxb6 cxb6 12. d4 exd4 13. cxd4 Ng6 14. Qb3 Qe7 15.
Rfe1 Bg4 16. h3 Bxf3 17. Nxf3 Rac8 18. e5 dxe5 19. dxe5 Nh7 20. e6 f5 21. Rad1
Qc7 22. e7+ Qxc4 23. exf8=Q+ Nhxf8 24. Qxc4+ Rxc4 25. Rd4 Rc3 26. Ne5 f4 27.
Nxg6 Nxg6 28. Rd6 1/2-1/2

[Event "55smm A Brixen/Milland-Ehrenburg"]
[Site "?"]
[Date "2024.01.27"]
[Round "6.6"]
[White "Sartore, Pascal"]
[Black "Mayrhofer, Lino"]
[Result "1/2-1/2"]
[WhiteElo "1463"]
[BlackElo "1765"]
[PlyCount "26"]
[EventDate "2024.01.24"]

1. Nf3 Nf6 2. c4 g6 3. b4 Bg7 4. Bb2 d6 5. g3 e5 6. Bg2 c6 7. d3 O-O 8. O-O Bd7
9. c5 d5 10. e4 dxe4 11. dxe4 Nxe4 12. Bxe5 Bxe5 13. Nxe5 Nf6 1/2-1/2

[Event "55smm A Deutschnofen-Richter/Lask"]
[Site "?"]
[Date "2024.01.27"]
[Round "6.4"]
[White "Bevilacqua, Maurizio"]
[Black "Gennari, Jacopo"]
[Result "0-1"]
[WhiteElo "2027"]
[BlackElo "2116"]
[PlyCount "68"]
[EventDate "2024.01.24"]

1. c4 c6 2. Nf3 d5 3. d4 Nf6 4. Nc3 dxc4 5. a4 Bf5 6. e3 e6 7. Bxc4 Bb4 8. O-O
O-O 9. Qb3 Qe7 10. Ne5 a5 11. f3 c5 12. e4 cxd4 13. exf5 dxc3 14. bxc3 Qc5+ 15.
Kh1 Qxe5 16. cxb4 axb4 17. Bb2 Qxf5 18. Qxb4 Na6 19. Qb5 Qxb5 20. axb5 Nc7 21.
Rfd1 Ncd5 22. Bd4 Rfe8 23. Bf1 h6 24. Kg1 Kf8 25. Rdc1 Red8 26. Bc5+ Kg8 27. g3
Nd7 28. Bd4 N7f6 29. Bc5 Nd7 30. Bd4 Rdc8 31. Rxc8+ Rxc8 32. Ra2 Rb8 33. f4 f6
34. f5 Kf7 0-1

[Event "55smm A Deutschnofen-Richter/Lask"]
[Site "?"]
[Date "2024.01.27"]
[Round "6.4"]
[White "Buglisi, Massimo"]
[Black "Thurner, Markus"]
[Result "1-0"]
[WhiteElo "1911"]
[BlackElo "1918"]
[PlyCount "111"]
[EventDate "2024.01.24"]

1. e4 e6 2. d3 d5 3. Nd2 Nf6 4. Ngf3 b6 5. g3 Nc6 6. exd5 exd5 7. Bg2 Qe7+ 8.
Qe2 Qxe2+ 9. Kxe2 Bd6 10. Re1 O-O 11. a3 Re8+ 12. Kf1 Ba6 13. Nb3 Rxe1+ 14.
Nxe1 Re8 15. Bd2 Ne5 16. Kg1 c5 17. Bg5 Ned7 18. Rd1 h6 19. Bc1 Kf8 20. Nf3 Ne5
21. Nxe5 Bxe5 22. Nd2 Bd6 23. c4 d4 24. Kf1 Bc8 25. Re1 Rxe1+ 26. Kxe1 Bf5 27.
Ke2 Ke7 28. h3 Nd7 29. Ne4 Bc7 30. g4 Bg6 31. f4 f5 32. Ng3 fxg4 33. hxg4 Nf6
34. Bf3 Bh7 35. Ne4 Nxe4 36. Bxe4 Bxe4 37. dxe4 Kf6 38. Kf3 g6 39. a4 h5 40.
gxh5 gxh5 41. Kg3 Bd8 42. Bd2 a5 43. Kf3 Ke6 44. Be1 h4 45. Kg4 Be7 46. Bd2 Bf6
47. Kf3 Be7 48. f5+ Kf7 49. e5 Bd8 50. Kg4 Bc7 51. e6+ Kf6 52. Bg5+ Kg7 53. f6+
Kg6 54. Bxh4 Be5 55. f7 Bd6 56. Bd8 1-0

[Event "55smm A Deutschnofen-Richter/Lask"]
[Site "?"]
[Date "2024.01.27"]
[Round "6.4"]
[White "Dappiano, Andrea"]
[Black "Moncher, Stefano"]
[Result "1/2-1/2"]
[WhiteElo "2274"]
[BlackElo "2168"]
[PlyCount "98"]
[EventDate "2024.01.24"]

1. e4 e6 2. d3 c5 3. g3 Nc6 4. Bg2 Nge7 5. Nc3 g6 6. Be3 Nd4 7. Nce2 Bg7 8. c3
Nxe2 9. Nxe2 d6 10. O-O O-O 11. Qd2 e5 12. d4 b6 13. Rad1 Be6 14. b3 Qc7 15. f4
Rad8 16. fxe5 dxe5 17. d5 Nc8 18. h3 Bd7 19. g4 Nd6 20. Ng3 f6 21. Rf2 Rf7 22.
Rdf1 Rdf8 23. Qd1 Qc8 24. Bc1 Kh8 25. Kh2 Qd8 26. Rf3 Qe7 27. R3f2 Qd8 28. Qe2
Qc7 29. Rg1 Qd8 30. Bf1 Rg8 31. Qd1 Qf8 32. Qd2 f5 33. gxf5 gxf5 34. exf5 e4
35. c4 Be5 36. Bb2 Qg7 37. Bxe5 Qxe5 38. Qf4 Qxf4 39. Rxf4 Bxf5 40. Nxf5 Rxf5
41. Rxf5 Nxf5 42. Be2 Rxg1 43. Kxg1 Kg7 44. Bg4 Ne7 45. Kf2 Kf6 46. Ke3 Ke5 47.
Bd7 a6 48. a4 h6 49. h4 a5 1/2-1/2